000 00384nam a22001337a 4500
003 SGT
020 _a9788193442609
082 _a891.4309
_bM20R
100 _aशंका, बींजराज
245 _aमाँ मेरी माँ
260 _bएंडरसन प्रिंटिंग हाउस प्रा. लि.
_c2020
300 _a536
942 _2ddc
_cBK
999 _c31287
_d31287